[Event "20. Abierto de la Constitucion 2018"]
[Site "S. S. de los Reyes ESP"]
[Date "2018.12.08"]
[Round "8.18"]
[White "Perez Cameselle, Francisco"]
[Black "Rial Rodriguez, Marta"]
[Result "1-0"]
[WhiteElo "1783"]
[BlackElo "1503"]
[PlyCount "56"]
[EventDate "2018.12.01"]
[EventType "swiss"]
[EventRounds "9"]
[EventCountry "ESP"]
[SourceTitle "Ajedrez en Madrid"]
[Source "lmi"]
[SourceDate "2018.12.01"]

1. Nf3 c5 2. g3 d6 3. Bg2 Nc6 4. O-O Nf6 5. d3 g6 6. e4 Bg7 7. a4 Rb8 8. Nbd2
a6 9. c3 Nd7 10. h4 h5 11. Nc4 b5 12. axb5 axb5 13. Ne3 Nb6 14. d4 c4 15. Ng5
Bd7 16. Qe2 e6 17. Bd2 O-O 18. f4 f6 19. Nh3 Ne7 20. Kh2 Qc8 21. Nc2 Kh8 22.
Nb4 Re8 23. Be3 Kh7 24. Qf2 d5 25. e5 f5 26. Ra2 Na4 27. Bf3 Nc6 28. Nxc6 Qxc6
1-0

[Event "20. Abierto de la Constitucion 2018"]
[Site "S. S. de los Reyes ESP"]
[Date "2018.12.08"]
[Round "8.19"]
[White "Martin Rodriguez, Jose Luis"]
[Black "Alonso Garuti, Luis E"]
[Result "0-1"]
[WhiteElo "1270"]
[BlackElo "1774"]
[PlyCount "92"]
[EventDate "2018.12.01"]
[EventType "swiss"]
[EventRounds "9"]
[EventCountry "ESP"]
[SourceTitle "Ajedrez en Madrid"]
[Source "lmi"]
[SourceDate "2018.12.01"]

1. c4 e5 2. Nc3 Nf6 3. Nf3 Nc6 4. g3 Bc5 5. Bg2 O-O 6. d3 h6 7. O-O Re8 8. a3
a5 9. Nh4 Ne7 10. Ne4 Nxe4 11. Bxe4 d6 12. Be3 c6 13. Bxc5 dxc5 14. Bg2 Be6 15.
Nf3 Qc7 16. Nd2 Rad8 17. Qc2 f5 18. f4 Ng6 19. fxe5 Qxe5 20. Nf3 Qe3+ 21. Kh1
Bc8 22. Rae1 f4 23. Qd2 fxg3 24. Qxe3 Rxe3 25. hxg3 Rde8 26. Rf2 Bg4 27. Kg1
Ne5 28. Kf1 Bxf3 29. Rxf3 Nxf3 30. Bxf3 R8e5 31. Kg2 g6 32. Rh1 Kg7 33. Rh4 g5
34. Re4 R3xe4 35. Bxe4 Kf6 36. Kf3 h5 37. Kf2 Re7 38. Kf3 Ke5 39. e3 Rg7 40. g4
h4 41. Kf2 Re7 42. Kg2 Kd6 43. Kh3 Rxe4 44. dxe4 Ke5 45. Kg2 Kxe4 46. Kf2 a4
0-1

[Event "20. Abierto de la Constitucion 2018"]
[Site "S. S. de los Reyes ESP"]
[Date "2018.12.08"]
[Round "8.20"]
[White "Llamas Martinez, Pablo"]
[Black "Chidichimo, Pedro Jose Maria"]
[Result "1-0"]
[WhiteElo "1479"]
[BlackElo "1772"]
[PlyCount "61"]
[EventDate "2018.12.01"]
[EventType "swiss"]
[EventRounds "9"]
[EventCountry "ESP"]
[SourceTitle "Ajedrez en Madrid"]
[Source "lmi"]
[SourceDate "2018.12.01"]

1. e4 d6 2. d4 Nf6 3. Nc3 Nbd7 4. Nf3 e5 5. Bc4 Be7 6. h3 c6 7. a4 Qa5 8. Be3
h6 9. O-O Qc7 10. Qe2 Nf8 11. Rad1 Ng6 12. Rd2 O-O 13. Rfd1 Nh5 14. g3 Nf6 15.
dxe5 dxe5 16. Kg2 Bb4 17. Rd3 Nd7 18. Na2 Be7 19. Qd2 Nc5 20. Bxc5 Bxc5 21. Nc3
Be7 22. Kh2 Kh8 23. Rg1 f5 24. Nh4 Nxh4 25. gxh4 Bxh4 26. Rg6 Rf6 27. Rd8+ Kh7
28. Rxf6 gxf6 29. Qd1 Bg5 30. Rg8 b5 31. Qh5 1-0

[Event "20. Abierto de la Constitucion 2018"]
[Site "S. S. de los Reyes ESP"]
[Date "2018.12.08"]
[Round "8.21"]
[White "Rodriguez Bernal, Herman"]
[Black "Garcia Minguez, Antonio"]
[Result "1-0"]
[WhiteElo "1745"]
[BlackElo "1499"]
[PlyCount "63"]
[EventDate "2018.12.01"]
[EventType "swiss"]
[EventRounds "9"]
[EventCountry "ESP"]
[SourceTitle "Ajedrez en Madrid"]
[Source "lmi"]
[SourceDate "2018.12.01"]

1. Nf3 Nf6 2. d4 d5 3. Bg5 e6 4. c4 Be7 5. Nc3 Nbd7 6. e3 c6 7. Qc2 O-O 8. Bd3
h6 9. Bh4 c5 10. O-O b6 11. cxd5 exd5 12. Bf5 Re8 13. Bg3 Nf8 14. Ne5 Bd6 15.
Nb5 Ne4 16. Bxe4 dxe4 17. Nxf7 Qd7 18. Nbxd6 Ba6 19. Nxe8 Bd3 20. Qc3 Rxe8 21.
Ne5 Qb5 22. Nxd3 exd3 23. Rfd1 c4 24. a4 Qd5 25. Qb4 Nd7 26. Rac1 Rc8 27. b3 a5
28. Qd2 b5 29. axb5 Qxb5 30. bxc4 Qc6 31. Qxa5 Ra8 32. Qd5+ 1-0

[Event "20. Abierto de la Constitucion 2018"]
[Site "S. S. de los Reyes ESP"]
[Date "2018.12.08"]
[Round "8.22"]
[White "Rubio Gonzalez, Beltran"]
[Black "Campos Rodriguez, Alvaro"]
[Result "1-0"]
[WhiteElo "1510"]
[BlackElo "1706"]
[PlyCount "103"]
[EventDate "2018.12.01"]
[EventType "swiss"]
[EventRounds "9"]
[EventCountry "ESP"]
[SourceTitle "Ajedrez en Madrid"]
[Source "lmi"]
[SourceDate "2018.12.01"]

1. d4 Nf6 2. Bf4 c5 3. e3 Qb6 4. Na3 cxd4 5. exd4 Nc6 6. c3 d6 7. Nc4 Qd8 8.
Nf3 Nd5 9. Bg3 Bf5 10. Nh4 Bd7 11. Bd3 g6 12. Qe2 Be6 13. O-O g5 14. Nf5 h5 15.
h3 Qd7 16. Nce3 Nf4 17. Qc2 Nxd3 18. Qxd3 Bxf5 19. Qxf5 Qxf5 20. Nxf5 O-O-O 21.
d5 Ne5 22. Rfe1 e6 23. dxe6 fxe6 24. Nd4 h4 25. Bxe5 dxe5 26. Nxe6 Rd2 27. Nxg5
Bc5 28. Ne4 Rd5 29. Nxc5 Rxc5 30. Rad1 Rg8 31. Re4 Rh8 32. Kh2 Kc7 33. g3 Rf8
34. Kg2 hxg3 35. fxg3 Rc6 36. Rxe5 Rcf6 37. Rd2 Rf1 38. Rde2 a6 39. g4 Ra1 40.
b3 Rff1 41. Kg3 Rac1 42. R5e3 Rcd1 43. Rf2 Rxf2 44. Kxf2 Rd2+ 45. Kg3 Rxa2 46.
g5 a5 47. g6 Ra1 48. Kf4 Rf1+ 49. Rf3 Re1 50. g7 Re8 51. Kg5 b5 52. Rf8 1-0

[Event "20. Abierto de la Constitucion 2018"]
[Site "S. S. de los Reyes ESP"]
[Date "2018.12.08"]
[Round "8.23"]
[White "Haering Hijon, Javier"]
[Black "Munoz Gonzalez, Martin"]
[Result "1-0"]
[WhiteElo "1555"]
[BlackElo "1414"]
[PlyCount "81"]
[EventDate "2018.12.01"]
[EventType "swiss"]
[EventRounds "9"]
[EventCountry "ESP"]
[SourceTitle "Ajedrez en Madrid"]
[Source "lmi"]
[SourceDate "2018.12.01"]

1. e4 g6 2. d4 Bg7 3. Nc3 d6 4. f4 Nf6 5. Nf3 c5 6. Bb5+ Bd7 7. Bxd7+ Nbxd7 8.
e5 dxe5 9. dxe5 Ng8 10. e6 Ndf6 11. exf7+ Kxf7 12. Ng5+ Ke8 13. Qxd8+ Kxd8 14.
Ne6+ Ke8 15. Nc7+ Kd7 16. Nxa8 Nh6 17. Be3 Rxa8 18. Bxc5 Nh5 19. O-O-O+ Ke8 20.
g3 Nf5 21. g4 b6 22. Bf2 Nxf4 23. gxf5 Nh3 24. Bg3 gxf5 25. Nd5 Rc8 26. Rhe1
Bh6+ 27. Kb1 f4 28. Rxe7+ Kf8 29. Rf1 Rd8 30. Re5 Kg7 31. Bh4 Rf8 32. Ne7 Ng5
33. Bxg5 Bxg5 34. Rxg5+ Kh6 35. Rf5 Rxf5 36. Nxf5+ Kg5 37. Nd4 h5 38. Kc1 Kg4
39. Kd2 h4 40. Ke2 Kh3 41. Rxf4 1-0

[Event "20. Abierto de la Constitucion 2018"]
[Site "S. S. de los Reyes ESP"]
[Date "2018.12.08"]
[Round "8.24"]
[White "Palomares Cortez, Facundo Sebast"]
[Black "Fernandez Diaz, Ricardo"]
[Result "1-0"]
[WhiteElo "1684"]
[BlackElo "1498"]
[PlyCount "40"]
[EventDate "2018.12.01"]
[EventType "swiss"]
[EventRounds "9"]
[EventCountry "ESP"]
[SourceTitle "Ajedrez en Madrid"]
[Source "lmi"]
[SourceDate "2018.12.01"]

1. e4 c6 2. d4 d5 3. exd5 cxd5 4. Nf3 Nf6 5. h3 e6 6. a3 Be7 7. c4 O-O 8. Nc3
Nc6 9. Be2 Ne4 10. O-O Nxc3 11. bxc3 Na5 12. cxd5 Qxd5 13. Ne5 Nc6 14. Bf3 Qb5
15. Nxc6 bxc6 16. Qc2 Rb8 17. Bf4 Rb6 18. Rab1 Qa6 19. Rxb6 Qxb6 20. Rb1 Qa6
1-0

[Event "20. Abierto de la Constitucion 2018"]
[Site "S. S. de los Reyes ESP"]
[Date "2018.12.08"]
[Round "8.25"]
[White "Marcos Herrero, Francisco"]
[Black "Enriquez Pastor, Jorge"]
[Result "1-0"]
[WhiteElo "1889"]
[BlackElo "1465"]
[PlyCount "41"]
[EventDate "2018.12.01"]
[EventType "swiss"]
[EventRounds "9"]
[EventCountry "ESP"]
[SourceTitle "Ajedrez en Madrid"]
[Source "lmi"]
[SourceDate "2018.12.01"]

1. d4 e6 2. g3 d5 3. c4 dxc4 4. Bg2 Nf6 5. Nf3 c5 6. Na3 cxd4 7. Nxc4 Nc6 8.
O-O Be7 9. Bf4 Nh5 10. Nce5 Nxf4 11. Nxc6 Nxe2+ 12. Qxe2 bxc6 13. Nxd4 Bb7 14.
Nxc6 Qc7 15. Rac1 Rc8 16. Qb5 a6 17. Qb3 Bxc6 18. Rxc6 Rb8 19. Rxc7 Rxb3 20.
axb3 Kd8 21. Rb7 1-0

[Event "20. Abierto de la Constitucion 2018"]
[Site "S. S. de los Reyes ESP"]
[Date "2018.12.08"]
[Round "8.26"]
[White "Perdiguero Herreros, Alejandro"]
[Black "Pindado Del Carmen, Eliseo"]
[Result "1/2-1/2"]
[WhiteElo "1635"]
[BlackElo "1525"]
[PlyCount "132"]
[EventDate "2018.12.01"]
[EventType "swiss"]
[EventRounds "9"]
[EventCountry "ESP"]
[SourceTitle "Ajedrez en Madrid"]
[Source "lmi"]
[SourceDate "2018.12.01"]

1. e4 c5 2. c3 Nf6 3. e5 Nd5 4. Bc4 e6 5. Bxd5 exd5 6. d4 d6 7. Nf3 Be7 8. O-O
O-O 9. Nbd2 Nc6 10. Re1 Qc7 11. c4 dxe5 12. cxd5 Nxd4 13. Rxe5 Bd6 14. Re1 Bg4
15. h3 Bh5 16. g4 Nxf3+ 17. Nxf3 Bg6 18. Nh4 Rad8 19. Nxg6 fxg6 20. Bg5 Rd7 21.
Re6 Rdf7 22. Qd2 Bh2+ 23. Kg2 Bf4 24. Bxf4 Qxf4 25. Qxf4 Rxf4 26. Re2 Rd4 27.
Re7 b6 28. Rxa7 Rxd5 29. b3 Rd6 30. f3 Rdf6 31. Rf1 g5 32. Rb7 h6 33. a4 R8f7
34. Rb8+ Rf8 35. Rxf8+ Kxf8 36. Ra1 Rd6 37. a5 bxa5 38. Rxa5 Rc6 39. Kf2 Rc7
40. Ke3 Rb7 41. Rxc5 Rxb3+ 42. Ke4 Rb6 43. Rf5+ Ke7 44. Rd5 Kf6 45. Rd4 Ke6 46.
Ke3 Rb3+ 47. Kf2 Rb7 48. Re4+ Kf6 49. Re3 Rb2+ 50. Kg3 Rb1 51. Ra3 Rb6 52. h4
gxh4+ 53. Kxh4 g6 54. f4 Rc6 55. Kg3 Rd6 56. Kf3 Rc6 57. Ra4 Rc3+ 58. Kg2 Rc6
59. Re4 h5 60. Re3 hxg4 61. Kg3 Re6 62. Rc3 Rd6 63. Kxg4 Rb6 64. Re3 Rc6 65.
Rd3 Re6 66. Kf3 Rb6 1/2-1/2

[Event "20. Abierto de la Constitucion 2018"]
[Site "S. S. de los Reyes ESP"]
[Date "2018.12.08"]
[Round "8.27"]
[White "Medina Balenciaga, Patricio"]
[Black "Bellod Thomas, Gonzalo"]
[Result "0-1"]
[WhiteElo "1408"]
[BlackElo "1633"]
[PlyCount "126"]
[EventDate "2018.12.01"]
[EventType "swiss"]
[EventRounds "9"]
[EventCountry "ESP"]
[SourceTitle "Ajedrez en Madrid"]
[Source "lmi"]
[SourceDate "2018.12.01"]

1. e4 c5 2. Nf3 Nc6 3. c3 d6 4. d4 cxd4 5. cxd4 a6 6. d5 Ne5 7. Nxe5 dxe5 8.
Nc3 e6 9. Bc4 Nf6 10. O-O exd5 11. exd5 Qc7 12. Bb3 Bd6 13. h3 O-O 14. Bg5 Ne8
15. Ne4 f6 16. Rc1 Qe7 17. Bh4 Bf5 18. Nc5 Rd8 19. Qf3 Bc8 20. Ne4 g5 21. Bg3
f5 22. Nxd6 Nxd6 23. Qe2 f4 24. Bh2 Kh8 25. f3 Nf5 26. Rfe1 Ne3 27. g3 Bxh3 28.
g4 Qg7 29. Rc3 e4 30. Rc5 Qd4 31. Rcc1 Nxg4+ 32. Kh1 Nf2+ 33. Kg1 Nd3+ 34. Kh1
Nxc1 35. Rxc1 e3 36. Rd1 Qf6 37. Bc4 h5 38. Qc2 Bf5 39. Qg2 Rfe8 40. Be2 Bd7
41. Rg1 Rg8 42. b3 g4 43. fxg4 hxg4 44. Qf1 f3 45. Rg3 Qb2 46. Bxf3 gxf3 47.
Rxf3 e2 48. Qe1 Qd4 49. Qxe2 Rde8 50. Qf1 Qh4 51. Qa1+ Rg7 52. Rg3 Qe4+ 53. Kg1
Qe1+ 54. Qxe1 Rxe1+ 55. Kf2 Re8 56. Rc3 Rf7+ 57. Kg2 Re2+ 58. Kg1 Rff2 59. Bc7
Rg2+ 60. Kh1 Rgf2 61. Kg1 Rc2 62. Be5+ Kh7 63. Rd3 Rfe2 0-1

[Event "20. Abierto de la Constitucion 2018"]
[Site "S. S. de los Reyes ESP"]
[Date "2018.12.08"]
[Round "8.28"]
[White "Martinez Miura, Enrique"]
[Black "Mochon Bernal, Jorge"]
[Result "1-0"]
[WhiteElo "1627"]
[BlackElo "1439"]
[PlyCount "82"]
[EventDate "2018.12.01"]
[EventType "swiss"]
[EventRounds "9"]
[EventCountry "ESP"]
[SourceTitle "Ajedrez en Madrid"]
[Source "lmi"]
[SourceDate "2018.12.01"]

1. e4 b6 2. d4 Bb7 3. Nc3 Nf6 4. e5 Nd5 5. Nxd5 Bxd5 6. c4 Bb7 7. Nf3 e6 8. Bd2
d6 9. Be2 Nd7 10. O-O Be7 11. Bc3 dxe5 12. Nxe5 O-O 13. Nxd7 Qxd7 14. Bf3 c5
15. Bxb7 Qxb7 16. dxc5 Bxc5 17. Qg4 f5 18. Qe2 Qf7 19. Rfe1 Rae8 20. b4 Bd6 21.
Rad1 Qc7 22. h3 e5 23. Rd5 e4 24. Qd2 Re6 25. c5 bxc5 26. bxc5 Be5 27. Bxe5
Rxe5 28. Qd4 Rxd5 29. Qxd5+ Qf7 30. Qd2 Rc8 31. Rc1 Qe6 32. a4 h6 33. Qd4 a6
34. Rb1 Qc6 35. Rc1 a5 36. Qc4+ Kh8 37. Qb5 Qc7 38. c6 f4 39. Qd5 e3 40. fxe3
Qb6 41. Qd4 Qxc6 1-0

[Event "20. Abierto de la Constitucion 2018"]
[Site "S. S. de los Reyes ESP"]
[Date "2018.12.08"]
[Round "8.29"]
[White "Savchuk, Olga"]
[Black "Bravo De La Vega, Alvaro"]
[Result "1-0"]
[WhiteElo "1612"]
[BlackElo "1407"]
[PlyCount "79"]
[EventDate "2018.12.01"]
[EventType "swiss"]
[EventRounds "9"]
[EventCountry "ESP"]
[SourceTitle "Ajedrez en Madrid"]
[Source "lmi"]
[SourceDate "2018.12.01"]

1. e4 e5 2. Nf3 Nf6 3. Nxe5 d6 4. Nf3 Nxe4 5. d4 d5 6. Bd3 Bd6 7. O-O O-O 8. c4
c6 9. Qc2 Bf5 10. Nc3 Re8 11. Re1 Bb4 12. Bf4 Bxc3 13. bxc3 Bg6 14. cxd5 cxd5
15. Ne5 Nf6 16. Nxg6 hxg6 17. Qb3 Rxe1+ 18. Rxe1 Qd7 19. c4 dxc4 20. Qxc4 Nc6
21. Bxg6 Rf8 22. Be5 Nxe5 23. dxe5 Qd2 24. Rc1 b5 25. Qc6 Ng4 26. Be4 Qxf2+ 27.
Kh1 Nxe5 28. Qc3 Ng4 29. Qh3 Nf6 30. Bd3 Re8 31. Rf1 Qxa2 32. Bxb5 Ne4 33. Qh4
Rf8 34. Qxe4 a5 35. Bc4 Qd2 36. Bxf7+ Kh8 37. Qh4+ Qh6 38. Qe7 Rb8 39. Qa7 Rb2
40. Qa8+ 1-0

[Event "20. Abierto de la Constitucion 2018"]
[Site "S. S. de los Reyes ESP"]
[Date "2018.12.08"]
[Round "8.33"]
[White "Lozano Hernanz, Rodrigo"]
[Black "Garcia Estebanez, Diego"]
[Result "1-0"]
[WhiteElo "1318"]
[BlackElo "1168"]
[PlyCount "111"]
[EventDate "2018.12.01"]
[EventType "swiss"]
[EventRounds "9"]
[EventCountry "ESP"]
[SourceTitle "Ajedrez en Madrid"]
[Source "lmi"]
[SourceDate "2018.12.01"]

1. e4 e5 2. Nf3 Nc6 3. d4 exd4 4. Nxd4 Nxd4 5. Qxd4 Nf6 6. Nc3 c5 7. Qc4 Be7 8.
Be2 O-O 9. O-O Qe8 10. Nd5 Nxd5 11. exd5 Bd6 12. Re1 Qe5 13. g3 b5 14. Qxb5
Qxd5 15. Qd3 Qxd3 16. Bxd3 Bb7 17. Be4 Rfe8 18. f3 f5 19. Bf4 fxe4 20. Bxd6
exf3 21. Bxc5 Rxe1+ 22. Rxe1 Rc8 23. b4 d6 24. Bxd6 h6 25. Bc5 Bd5 26. Rf1 Re8
27. c4 Bb7 28. Bf2 Re2 29. Re1 Rxa2 30. h4 Ra4 31. Bc5 Ra2 32. Re7 f2+ 33. Kf1
Bf3 34. Bxf2 Kf8 35. Rxa7 Rxa7 36. Bxa7 Ke7 37. Kf2 Ba8 38. Ke3 Ke6 39. Kd4 Kf5
40. Kc5 Kg4 41. Bb8 Kf5 42. Kb6 Ke6 43. b5 Kd7 44. c5 Kc8 45. Be5 g6 46. c6 g5
47. hxg5 hxg5 48. Ka7 g4 49. Kxa8 Kd8 50. b6 Kc8 51. b7+ Kd8 52. b8=Q+ Ke7 53.
Qd6+ Ke8 54. Qd7+ Kf8 55. Kb8 Kg8 56. Qg7# 1-0

[Event "20. Abierto de la Constitucion 2018"]
[Site "S. S. de los Reyes ESP"]
[Date "2018.12.08"]
[Round "8.34"]
[White "Salgado Nogal, Marcos"]
[Black "Martinez-Paul Exposito, Ignacio Jesus"]
[Result "1-0"]
[WhiteElo "1533"]
[BlackElo "1192"]
[PlyCount "95"]
[EventDate "2018.12.01"]
[EventType "swiss"]
[EventRounds "9"]
[EventCountry "ESP"]
[SourceTitle "Ajedrez en Madrid"]
[Source "lmi"]
[SourceDate "2018.12.01"]

1. e4 e5 2. Nf3 Nc6 3. Bc4 Bc5 4. c3 Nf6 5. d4 exd4 6. cxd4 Bb4+ 7. Bd2 Bxd2+
8. Nbxd2 O-O 9. d5 Na5 10. Bd3 d6 11. b4 Re8 12. O-O Bg4 13. bxa5 c6 14. dxc6
bxc6 15. Qa4 Bd7 16. Qc2 g6 17. Rfe1 c5 18. e5 dxe5 19. Nxe5 Qxa5 20. Nxd7 Nxd7
21. Nf3 Rac8 22. Bc4 Nb6 23. h3 Kg7 24. Rxe8 Rxe8 25. Qb3 Nxc4 26. Qxc4 Qb4 27.
Qxb4 cxb4 28. Rb1 a5 29. Nd4 Rc8 30. Kf1 Kf6 31. Nb3 Ra8 32. Rc1 a4 33. Nc5 Ke7
34. Rd1 Ra5 35. Re1+ Kf6 36. Nd3 Rb5 37. Rb1 b3 38. axb3 a3 39. Ra1 Rxb3 40.
Nc5 Rb5 41. Ne4+ Ke5 42. Nd2 Rc5 43. Nf3+ Kf5 44. Rxa3 Rc4 45. Ra5+ Kf6 46. Ke2
Rc3 47. Ng5 Rc2+ 48. Kd1 1-0

[Event "20. Abierto de la Constitucion 2018"]
[Site "S. S. de los Reyes ESP"]
[Date "2018.12.08"]
[Round "8.35"]
[White "Diaz Guzman, David"]
[Black "Ruiz Grau, David"]
[Result "0-1"]
[WhiteElo "1126"]
[BlackElo "1289"]
[PlyCount "68"]
[EventDate "2018.12.01"]
[EventType "swiss"]
[EventRounds "9"]
[EventCountry "ESP"]
[SourceTitle "Ajedrez en Madrid"]
[Source "lmi"]
[SourceDate "2018.12.01"]

1. e4 c6 2. d4 d5 3. Nc3 dxe4 4. Nxe4 Nd7 5. Nf3 Ngf6 6. Nc3 e6 7. Bc4 Nb6 8.
Bb3 Be7 9. O-O O-O 10. Ne5 Nbd5 11. Bxd5 exd5 12. h3 Be6 13. f4 Nd7 14. f5 Nxe5
15. dxe5 Bc5+ 16. Kh1 Bd7 17. a3 Qh4 18. Rf4 Qe7 19. Qe2 Rae8 20. b4 Bb6 21.
Bb2 Qxe5 22. Qxe5 Rxe5 23. f6 g6 24. Na4 Re2 25. c4 Bc7 26. Rd4 Rfe8 27. Bc3
Rf2 28. Rdd1 Ree2 29. cxd5 Rxg2 30. dxc6 Rh2+ 31. Kg1 Reg2+ 32. Kf1 Bc8 33. Re1
Be6 34. cxb7 Bc4+ 0-1

[Event "20. Abierto de la Constitucion 2018"]
[Site "S. S. de los Reyes ESP"]
[Date "2018.12.09"]
[Round "9.1"]
[White "Lianes Garcia, Marcos"]
[Black "Lozano Suarez, Luis Miguel"]
[Result "1/2-1/2"]
[WhiteElo "2330"]
[BlackElo "2135"]
[PlyCount "112"]
[EventDate "2018.12.01"]
[EventType "swiss"]
[EventRounds "9"]
[EventCountry "ESP"]
[SourceTitle "Ajedrez en Madrid"]
[Source "lmi"]
[SourceDate "2018.12.01"]

1. d4 Nf6 2. c4 c5 3. d5 e6 4. Nc3 exd5 5. cxd5 d6 6. e4 g6 7. Bd3 Bg7 8. Nge2
O-O 9. O-O Ng4 10. h3 Ne5 11. Bc2 Na6 12. f4 Nc4 13. Bd3 Nb6 14. f5 c4 15. Bc2
Nd7 16. Be3 Nac5 17. Qd2 a6 18. Bg5 Bf6 19. Bxf6 Nxf6 20. Qd4 Ncd7 21. Qxc4 Ne5
22. Qd4 Bd7 23. Nf4 Rc8 24. Nd3 Bb5 25. Nxb5 Rxc2 26. Na3 Rd2 27. Rad1 Rxd3 28.
Rxd3 Nxd3 29. Qxd3 b5 30. Qd4 Nd7 31. Nc2 Re8 32. fxg6 hxg6 33. Qf2 Ne5 34. Nd4
Qb6 35. b3 Rc8 36. Nc6 Qxf2+ 37. Kxf2 Nxc6 38. dxc6 Rxc6 39. Rd1 Rc2+ 40. Kf3
Rxa2 41. Rxd6 a5 42. Ra6 Ra3 43. Kf4 Kg7 44. h4 Kh6 45. g3 Kg7 46. Ra7 Kf6 47.
Ra6+ Kg7 48. Ra7 Kh6 49. Rxf7 Rxb3 50. g4 g5+ 51. hxg5+ Kg6 52. Rf6+ Kg7 53.
Ra6 a4 54. Ra7+ Kg6 55. Ra6+ Kg7 56. Ra7+ Kg6 1/2-1/2

[Event "20. Abierto de la Constitucion 2018"]
[Site "S. S. de los Reyes ESP"]
[Date "2018.12.09"]
[Round "9.2"]
[White "Lopez-Andujar Ocana, Antonio"]
[Black "Pastor Alonso De Prado, Alberto"]
[Result "1-0"]
[WhiteElo "2100"]
[BlackElo "2102"]
[PlyCount "53"]
[EventDate "2018.12.01"]
[EventType "swiss"]
[EventRounds "9"]
[EventCountry "ESP"]
[SourceTitle "Ajedrez en Madrid"]
[Source "lmi"]
[SourceDate "2018.12.01"]

1. c4 b6 2. Nf3 Bb7 3. g3 Bxf3 4. exf3 c5 5. f4 Nc6 6. Bg2 g6 7. Nc3 Bg7 8. O-O
Nh6 9. d3 O-O 10. g4 f5 11. g5 Nf7 12. Be3 Rc8 13. Qd2 e6 14. a3 Ne7 15. b4 d5
16. cxd5 exd5 17. d4 Nc6 18. bxc5 bxc5 19. Ne2 Qd7 20. Rfc1 c4 21. Rcb1 Rb8 22.
Nc3 Ne7 23. Qd1 Qe6 24. Qa4 Nxg5 25. Rxb8 Rxb8 26. fxg5 Rd8 27. Ne2 1-0

[Event "20. Abierto de la Constitucion 2018"]
[Site "S. S. de los Reyes ESP"]
[Date "2018.12.09"]
[Round "9.3"]
[White "Perez Gonzalez, Jose Manuel"]
[Black "Hernandez Ramos, David"]
[Result "1-0"]
[WhiteElo "2221"]
[BlackElo "2078"]
[PlyCount "53"]
[EventDate "2018.12.01"]
[EventType "swiss"]
[EventRounds "9"]
[EventCountry "ESP"]
[SourceTitle "Ajedrez en Madrid"]
[Source "lmi"]
[SourceDate "2018.12.01"]

1. e4 e6 2. d4 d5 3. Nc3 Nf6 4. Bg5 Be7 5. e5 Nfd7 6. h4 h6 7. Be3 c5 8. Qg4
Kf8 9. f4 cxd4 10. Bxd4 Nc6 11. Nf3 Nxd4 12. Nxd4 a6 13. h5 Rg8 14. O-O-O Nc5
15. Rh3 Qc7 16. Nb3 Nxb3+ 17. axb3 f5 18. Qf3 g5 19. hxg6 Rxg6 20. Rg3 Rxg3 21.
Qxg3 Bb4 22. Qh3 Qg7 23. Be2 Kf7 24. Rd3 Be7 25. Rg3 Qh7 26. Qh5+ Kf8 27. Rg6
1-0

[Event "20. Abierto de la Constitucion 2018"]
[Site "S. S. de los Reyes ESP"]
[Date "2018.12.09"]
[Round "9.4"]
[White "Lin, Yingrui"]
[Black "Gallardo Garcia, Andres"]
[Result "0-1"]
[WhiteElo "2017"]
[BlackElo "2331"]
[PlyCount "196"]
[EventDate "2018.12.01"]
[EventType "swiss"]
[EventRounds "9"]
[EventCountry "ESP"]
[SourceTitle "Ajedrez en Madrid"]
[Source "lmi"]
[SourceDate "2018.12.01"]

1. e4 c5 2. Nf3 e6 3. d3 Nc6 4. g3 d5 5. Nc3 d4 6. Ne2 e5 7. Bg2 f6 8. O-O Nge7
9. Nd2 g5 10. a4 Be6 11. b3 Qd7 12. Nc4 O-O-O 13. a5 Kb8 14. f4 h6 15. f5 Bf7
16. h3 Nb4 17. Bd2 Nec6 18. Nc1 Be7 19. Rf2 Rc8 20. Bf1 Bd8 21. Na2 Na6 22. Qe1
Be7 23. Rb1 Kc7 24. c3 dxc3 25. Bxc3 Kb8 26. Rfb2 Rhd8 27. Kg2 Qc7 28. Nc1 Nab4
29. Ra1 Bxc4 30. dxc4 Nxa5 31. Qe3 Nac6 32. Nd3 Nxd3 33. Bxd3 Rd7 34. Be2 Rcd8
35. Raa2 Qb6 36. Ra4 Kc8 37. Kf2 Qc7 38. Kg2 a5 39. Rd2 Rxd2 40. Bxd2 Qb6 41.
Bh5 Rf8 42. Ra3 Qc7 43. Bc3 b6 44. Ra1 Nd4 45. Rb1 Bd8 46. Bb2 Qe7 47. Rd1 Bc7
48. Kf2 Kb8 49. Rd2 Qd6 50. Ba1 Qe7 51. Bb2 Kb7 52. Kg2 Ra8 53. Bd1 Bd6 54. Kf2
Kc7 55. Kg2 Qe8 56. g4 Qc6 57. Kf2 Rb8 58. Bc3 Ra8 59. Ra2 Qe8 60. Kg2 Qf7 61.
Qd3 Kb8 62. Ra1 Ra7 63. Ra2 Qe8 64. Kf2 Rd7 65. Qe3 Bc7 66. Rd2 Qf7 67. Qd3 Rd8
68. Qf1 Rd6 69. Ke3 Qd7 70. Bb2 Nxf5+ 71. Qxf5 Rxd2 72. Qxd7 Rxd7 73. Be2 Kb7
74. Bc3 Kc6 75. Kf2 Rd8 76. Ke3 Ra8 77. Bd1 b5 78. Kd3 Rd8+ 79. Ke2 Bb6 80. Bc2
h5 81. Kf3 bxc4 82. bxc4 Rh8 83. Be1 Kd6 84. Ba4 Bc7 85. Bb5 a4 86. Bxa4 Ra8
87. Bb5 Ra3+ 88. Kg2 h4 89. Bf2 Ba5 90. Kh2 Bc3 91. Kg2 Bd4 92. Be1 Kc7 93. Be8
Kb6 94. Bf7 Re3 95. Kf1 Rxh3 96. Be6 Re3 97. Bd2 Rf3+ 98. Ke1 h3 0-1

[Event "20. Abierto de la Constitucion 2018"]
[Site "S. S. de los Reyes ESP"]
[Date "2018.12.09"]
[Round "9.5"]
[White "Aziz Ortego, Omar Luis"]
[Black "Vukotic Jovsic, Dragan"]
[Result "1-0"]
[WhiteElo "2053"]
[BlackElo "1935"]
[PlyCount "75"]
[EventDate "2018.12.01"]
[EventType "swiss"]
[EventRounds "9"]
[EventCountry "ESP"]
[SourceTitle "Ajedrez en Madrid"]
[Source "lmi"]
[SourceDate "2018.12.01"]

1. e4 e5 2. Bc4 Nf6 3. d3 c6 4. Bb3 d5 5. Nd2 Be7 6. Ngf3 Qc7 7. O-O O-O 8. Re1
dxe4 9. Nxe4 Bg4 10. Nxf6+ Bxf6 11. h3 Bc8 12. Qe2 Nd7 13. Bd2 b5 14. a4 a5 15.
axb5 cxb5 16. Bd5 Ra7 17. Be3 Ra6 18. c4 b4 19. Nd2 Bb7 20. Ne4 Bxd5 21. cxd5
Be7 22. d4 Rg6 23. Rec1 Qd8 24. d6 Bxd6 25. Nxd6 exd4 26. Bf4 Qa8 27. Qe4 f5
28. Qxa8 Rxa8 29. Kf1 h6 30. g3 Rf6 31. Nb5 g5 32. Bd6 b3 33. Rc7 Nb6 34. Be5
Rg6 35. Nxd4 f4 36. Nf5 Nd5 37. Rc5 Rf8 38. g4 1-0

[Event "20. Abierto de la Constitucion 2018"]
[Site "S. S. de los Reyes ESP"]
[Date "2018.12.09"]
[Round "9.6"]
[White "Hernandez Ramos, Alberto"]
[Black "Quevedo Marin, Manuel"]
[Result "0-1"]
[WhiteElo "1917"]
[BlackElo "2199"]
[PlyCount "112"]
[EventDate "2018.12.01"]
[EventType "swiss"]
[EventRounds "9"]
[EventCountry "ESP"]
[SourceTitle "Ajedrez en Madrid"]
[Source "lmi"]
[SourceDate "2018.12.01"]

1. e4 c5 2. Nf3 Nc6 3. d4 cxd4 4. Nxd4 Nf6 5. Nc3 d6 6. f3 e6 7. Bb5 Bd7 8. Be3
a6 9. Ba4 b5 10. Nxc6 Bxc6 11. Bb3 Be7 12. g4 O-O 13. Qd2 Nd7 14. O-O-O Ne5 15.
Qe2 Qa5 16. Bf4 b4 17. Bxe5 Qxe5 18. Qc4 bxc3 19. Qxc6 Rfc8 20. Qd7 Bf8 21. Kb1
a5 22. Qa4 Rcb8 23. Rd4 Qf4 24. Rf1 Qxh2 25. f4 Qg2 26. Rdd1 Rb4 27. Qc6 Qxe4
28. Qxe4 Rxe4 29. a4 cxb2 30. f5 d5 31. Rde1 Rxe1+ 32. Rxe1 Ra6 33. Kxb2 g6 34.
Kc1 Kg7 35. Kd2 Rc6 36. Kd3 Bb4 37. Re3 Kf6 38. Ke2 gxf5 39. gxf5 Kxf5 40. Rf3+
Kg6 41. Rg3+ Kf6 42. Rh3 Kg7 43. Rg3+ Kh8 44. Rf3 Rc7 45. Rg3 h6 46. Rg4 Bc3
47. Kd3 Kh7 48. Rg3 h5 49. Ke2 Kh6 50. Rg8 h4 51. Rg2 Be5 52. c4 dxc4 53. Bc2
f5 54. Kf3 h3 55. Re2 h2 56. Re1 Rg7 0-1